Egy vállalatirányítási rendszer bevezetésének logisztikára gyakorolt hatásai
| Szerző: | |
|---|---|
| További közreműködők: | |
| Dokumentumtípus: | Diplomadolgozat |
| Kulcsszavak: | automatizáció - automatizálás divat ERP rendszerek integráció integrált vállalatirányítási rendszer |
| Online Access: | http://dolgozattar.uni-bge.hu/59606 |
MARC
| LEADER | 00000nta a2200000 i 4500 | ||
|---|---|---|---|
| 001 | dolg59606 | ||
| 005 | 20260409145309.0 | ||
| 008 | 260409suuuu hu om 000 hun d | ||
| 040 | |a BGE Dolgozattár Repozitórium |b hun | ||
| 041 | |a hu | ||
| 100 | 1 | |a Sas Fanni Sára | |
| 245 | 1 | 0 | |a Egy vállalatirányítási rendszer bevezetésének logisztikára gyakorolt hatásai |c Sas Fanni Sára |h [elektronikus dokumentum] |
| 520 | 3 | |a Szakdolgozatom központi témája a Microsoft Dynamics 365 Business Central ERP rendszer bevezetésének hatása a vállalati logisztikai folyamatokra a Nanushka International Zrt.-nél. A dolgozat célja, hogy feltárja, milyen módon segítheti elő egy korszerű vállalatirányítási rendszer a logisztikai műveletek optimalizálását, milyen új lehetőségeket teremt a működés hatékonyságának növelésében, és milyen kihívásokkal kell szembenéznie egy középvállalatnak az átállás során. A Nanushka, mint prémium divatmárka, rendkívül dinamikusan fejlődő vállalat, amely a hazai és nemzetközi piacon egyaránt versenyez. Piaci pozíciója megerősítése érdekében létfontosságúvá vált számára egy olyan ERP rendszer alkalmazása, amely integráltan kezeli a termelést, logisztikát, értékesítést, pénzügyeket és ügyfélkapcsolatokat. A Business Central bevezetése lehetőséget teremtett arra, hogy a vállalat ne csupán a belső folyamatait racionalizálja, hanem hosszú távon is fenntartható, környezettudatos működési modellt építsen ki, amely összhangban van a modern fenntarthatósági elvárásokkal is. Összességében megállapítható, hogy a Business Central rendszer stratégiai szinten támogatja a Nanushka növekedési céljait, és hozzájárulhat a logisztikai műveletek hatékonyabb működtetéséhez. A jövőbeli fejlesztések során kiemelt szerepet kaphatnak olyan irányok is, mint a még nagyobb fokú automatizáció mesterséges intelligencia segítségével, fenntartható logisztikai megoldások bevezetése, valamint a nemzetközi értékesítési és szállítási hálózatok további optimalizálása. | |
| 695 | |a automatizáció - automatizálás | ||
| 695 | |a divat | ||
| 695 | |a ERP rendszerek | ||
| 695 | |a integráció | ||
| 695 | |a integrált vállalatirányítási rendszer | ||
| 700 | 1 | |a Lipák Mária |e ths | |
| 856 | 4 | 0 | |u http://dolgozattar.uni-bge.hu/59606/1/Egy%20v%C3%A1llalatir%C3%A1ny%C3%ADt%C3%A1si%20rendszer%20bevezet%C3%A9s%C3%A9nek%20logisztik%C3%A1ra%20gyakorolt%20hat%C3%A1sai.pdf |z Dokumentum-elérés |
| 856 | 4 | 0 | |u http://dolgozattar.uni-bge.hu/59606/2/titkos%C3%ADt%C3%A1si%20k%C3%A9relem.pdf |z Dokumentum-elérés |
| 856 | 4 | 0 | |u http://dolgozattar.uni-bge.hu/59606/3/SassBir.pdf |z Dokumentum-elérés |
| 856 | 4 | 0 | |u http://dolgozattar.uni-bge.hu/59606/4/Sas%20Fanni%20S%C3%A1ra.pdf |z Dokumentum-elérés |